000 00284nam a22001217a 4500
008 181031b xxu||||| |||| 00| 0 eng d
041 _aeng
080 _a530
100 _a43
101 _aFIZ
245 _aTheory of X-Ray Diffraction in Crystals
_cZachariasen,W.H
942 _2udc
_cBK
999 _c51220
_d51220